Administración de recursos humanos: conceptos y aplicaciones
Saved in:
| Main Authors: | , |
|---|---|
| Format: | Bog |
| Sprog: | spansk |
| Udgivet: |
Ciudad de México
Interamericana
1983
|
| Fag: | |
| Tags: |
Tilføj Tag
Ingen Tags, Vær først til at tagge denne postø!
|
MARC
| LEADER | 00000nam a2200000 a 4500 | ||
|---|---|---|---|
| 001 | UCQ1847 | ||
| 003 | CL-VaPUC | ||
| 008 | 980721e19830000MX |||||||||||||||||spa|d | ||
| 082 | 0 | 4 | |a 658.3 |b BYA |2 21 |
| 100 | |a Byars, Lloyd L |e author |9 412238 | ||
| 700 | |a Rue, Leslie W |e author |9 469502 | ||
| 245 | 1 | 0 | |a Administración de recursos humanos: conceptos y aplicaciones |
| 300 | |a 428 p | ||
| 942 | |c BK | ||
| 945 | |d 19980721 00:00:00 |a cmena | ||
| 260 | |a Ciudad de México |b Interamericana |c 1983 | ||
| 650 | 0 | |a Administración del personal |9 260442 | |
| 650 | 0 | |a Recursos humanos |9 228420 | |
| 650 | 0 | |a Relaciones laborales |9 335971 | |
| 650 | 7 | |a ESTRUCTURA ADMINISTRATIVA |2 CL-VaPUC |9 268757 | |
| 650 | 0 | |a Psicología industrial |9 271739 | |
| 650 | 0 | |a Motivación |9 315362 | |
| 650 | 0 | |a Liderazgo |9 271835 | |
| 583 | |a last modification |c 19980721 00:00:00 |k Rodrigo Vera | ||
| 999 | |c 272691 |d 272689 | ||
| 952 | |0 0 |1 0 |4 0 |6 658_300000000000000_BYA_1983 |7 0 |8 A |9 307815 |a BIBENE |b BIBENE |d 2019-11-20 |i 1441736 |o 658.3 BYA 1983 |p 1441736 |r 2025-01-15 |w 2019-11-20 |y BK |k ICO | ||